| 000 | 00535nam a2200181 i 4500 | ||
|---|---|---|---|
| 001 | 135387 | ||
| 003 | ES-MaACL | ||
| 005 | 20250113150256.0 | ||
| 007 | t| | ||
| 008 | 070717s1912 it ||||1| ita d | ||
| 100 | 1 |
_aTorraca, Francesco. _9110707 |
|
| 245 | 1 | 0 |
_aPer la biografia di Giovanni Boccaccio / _cappunti di Franceso Torraca. |
| 260 |
_aMilano : _bAlbrighi Pegati i C, _c1912. |
||
| 300 |
_a432 p. ; _c21 cm. |
||
| 600 | 1 | 4 |
_aBoccaccio, Giovanni, _d1313-1375 _929661 |
| 852 |
_aES-MaACL _jD-1198 |
||
| 999 |
_c135387 _d135387 |
||